Sports Quiz

Random Sports or Soccer Quiz

Name the Houston Dynamo (All-Time Roster) Quiz Stats

 Plays Quiz not verified by Sporcle

Challenge
Share
Tweet
Embed
Score 0/89 Timer 12:00
0 Plays Today
Number of Games Player % Correct
169Brian Ching
97.7%
281Brad Davis
91.9%
211Corey Ashe
89.5%
88Stuart Holden
87.2%
136Pat Onstad
87.2%
193Ricardo Clark
86%
89Oscar Boniek Garcia
85.7%
39Tally Hall
84.9%
177Bobby Boswell
82.6%
43Colin Clark
82.6%
78Dwayne De Rosario
80.2%
96Eddie Robinson
76.7%
99Wade Barrett
75.6%
116Geoff Cameron
75.6%
136Brian Mullan
74.4%
99Giles Barnes
71.4%
28Alex Lopez
71.4%
38DeMarcus Beasley
71.4%
27Raul Rodriguez
71.4%
147Will Bruin
68.6%
104Andre Hainault
68.6%
80Craig Waibel
66.3%
2Tyler Deric
65.1%
16Luis Angel Landin
64%
41Je-Vaughn Watson
62.8%
106Jermaine Taylor
61.6%
37Chris Wondolowski
60.5%
40Luiz Camargo
60.5%
32Kei Kamara
59.3%
35Calen Carr
59.3%
Number of Games Player % Correct
37Omar Cummings
57.1%
63David Horst
57.1%
62Adam Moffat
57%
70Ryan Cochrane
55.8%
51Danny Cruz
55.8%
88Richard Mulrooney
53.5%
44Dominic Oduro
53.5%
51Mike Chabala
52.3%
81Cam Weaver
52.3%
37Joseph Ngwenya
50%
29Nate Jaqua
48.8%
13Alex Dixon
45.3%
27Kelly Gray
43%
34Alejandro Moreno
43%
7Koke
43%
29Macoumba Kandji
42.9%
21Jason Johnson
42.9%
19Servando Carrasco
42.9%
26AJ Cochran
42.9%
14Sheanon Williams
42.9%
11Erick Cubo Torres
42.9%
9Mauro Manotas
42.9%
7Tony Caig
40.7%
98Kofi Sarkodie
40.7%
11Paul Dalglish
39.5%
45Lovel Palmer
39.5%
33Adrian Serioux
37.2%
11Carlo Costly
32.6%
23Nathan Sturgis
28.6%
60Andrew Driver
28.6%
Number of Games Player % Correct
19Eric Brunner
28.6%
9Mark Sherrod
28.6%
20Leonel Miranda
28.6%
17Rob Lovejoy
28.6%
35Patrick Ianni
27.9%
10Franco Caraccio
25.6%
15Ronald Cerritos
24.4%
23Hunter Freeman
24.4%
4Zach Wells
24.4%
1Francisco Navas Cobo
20.9%
14Ade Akinbiyi
19.8%
2Erik Ustruck
18.6%
21Kevin Goldthwaite
16.3%
1Abe Thompson
15.1%
10Jason Garey
15.1%
30Anthony Arena
14.3%
54Oscar Recio
14.3%
40Luis Garrido
14.3%
6Tony Cascio
14.3%
7Rasheed Olabiyi
14.3%
5Chandler Hoffman
14.3%
1Taylor Hunter
14.3%
3Zach Steinberger
14.3%
2Samuel Appiah
14%
4Kyle Brown
14%
8Julius James
14%
6Julian Nash
8.1%
4Anthony Obodai
4.7%
4Guy-Roland Kpene
3.5%

You're not logged in!

Compare scores with friends on all Sporcle quizzes.
OR
Log In

You Might Also Like...

Show Comments

Extras

Created Mar 20, 2012SourceReportNominate
Tags:Soccer Quiz, MLS

Top Quizzes Today


Score Distribution

Your Account Isn't Verified!

In order to create a playlist on Sporcle, you need to verify the email address you used during registration. Go to your Sporcle Settings to finish the process.

Report this User

Report this user for behavior that violates our Community Guidelines.

Details: